Creative Pasts ; Histirical Memory And Identioty In western India / (Record no. 68119)

MARC details
000 -LEADER
fixed length control field 01426nam a22002417a 4500
005 - DATE AND TIME OF LATEST TRANSACTION
control field 2012062208298.0
010 ## - LCCN (DPL NO)
LC control number B-453073-077
020 ## - INTERNATIONAL STANDARD BOOK NUMBER
International Standard Book Number 9788178242971
Terms of availability 650.00
035 ## - SYSTEM CONTROL NUMBER
System control number B-453073-077
037 ## - SOURCE OF ACQUISITION
Stock number dpl
Source of stock number/acquisition K.K.Pub / ven
082 ## - DEWEY DECIMAL CLASSIFICATION NUMBER
Classification number 954
100 ## - MAIN ENTRY--PERSONAL NAME
Personal name Deshpande , Prachi
245 ## - TITLE STATEMENT
Title Creative Pasts ; Histirical Memory And Identioty In western India /
Statement of responsibility, etc by Prachi Deshpande
260 ## - PUBLICATION, DISTRIBUTION, ETC. (IMPRINT)
Place of publication, distribution, etc New Delhi
Name of publisher, distributor, etc Permanent Black
Date of publication, distribution, etc 2007
300 ## - PHYSICAL DESCRIPTION
Extent i , 308pg
Dimensions 22cm
942 ## - ADDED ENTRY ELEMENTS (KOHA)
Source of classification or shelving scheme Dewey Decimal Classification
Item type English Books
Call number suffix DES
Classification part 954
Holdings
Withdrawn status Lost status Not for loan Collection code Home library Current library Date acquired Source of acquisition Cost, normal purchase price Full call number Barcode Copy number Cost, replacement price Koha item type
      Non-fiction Central Library Central Library 26/06/2012 K.K.Pub/1409/01.11.2011/03/15.09.2011/29.11.2011 650.00 954 DES B-453073 1 650.00 English Books
      Non-fiction Karol Bagh Karol Bagh 26/06/2012 K.K.Pub/1409/01.11.2011/03/15.09.2011/29.11.2011 650.00 954 DES B-453076 1 650.00 English Books
      Non-fiction Patel Nagar Patel Nagar 26/06/2012 K.K.Pub/1409/01.11.2011/03/15.09.2011/29.11.2011 650.00 954 DES B-453074 1 650.00 English Books
      Non-fiction Sarojini Nagar Sarojini Nagar 26/06/2012 K.K.Pub/1409/01.11.2011/03/15.09.2011/29.11.2011 650.00 954 DES B-453075 1 650.00 English Books
      Non-fiction Shahdara Branch Shahdara Branch 26/06/2012 K.K.Pub/1409/01.11.2011/03/15.09.2011/29.11.2011 650.00 954 DES B-453077 1 650.00 English Books

© Delhi Public Library
Hit Counter
free hit counter